Normal view
MARC view
- R.W Livingstone
Entry Personal Name
001 - CONTROL NUMBER
- control field: 105482
003 - CONTROL NUMBER IDENTIFIER
- control field: NUST
005 - DATE AND TIME OF LATEST TRANSACTION
- control field: 20221221110310.0
008 - FIXED-LENGTH DATA ELEMENTS
- fixed length control field: 221221|| aca||aabn | a|a d
040 ## - CATALOGING SOURCE
- Original cataloging agency: NUST
- Transcribing agency: NUST
100 ## - HEADING--PERSONAL NAME
- Personal name: R.W Livingstone
670 ## - SOURCE DATA FOUND
- Source citation: Work cat.: (NUST)193867: R.W Livingstone , The Mission of Greece, 1928
